| 000 | 00351nam a2200133Ia 4500 | ||
|---|---|---|---|
| 008 | 240624s9999 xx 000 0 und d | ||
| 041 | _aeng | ||
| 082 | _a364.16 ARV | ||
| 100 | _aARVEDLUND ERIN | ||
| 245 | _aOPEN SECRET THE GLOBAL BANKING CONSPIRAC | ||
| 260 |
_c2014 _aNew York _bPortfolio Penguin |
||
| 300 | _axiv, 290 p.; 23 cm. | ||
| 365 |
_c _b38 |
||
| 999 |
_c30606 _d30606 |
||